000 00717nam a2200253 4500
003 OSt
005 20260601171006.0
008 260508b\\\\\\\\||||||||\||||\00|\0\eng\d
040 _aICI
_bspa
_cICI
041 _aspa
050 _aNC997
_bT37
100 1 _aTassier, Gonzalo /
_932241
245 1 _aTassier, Gonzalo /
264 _aMéxico :
_bQuórum,
_c2002.
300 _a90 páginas
_c20 cm
336 _atexto
_2rdacontent
337 _asin medio
_2rdamedia
338 _avolumen
_2rdacarrier
490 _aBiblioteca de diseño Quórum
650 _aDiseño gráfico
_xMéxico.
650 _aDiseñadores gráficos mexicanos.
_932243
830 _aBiblioteca de diseño Quórum.
_932244
942 _2lcc
_cB
_n1
999 _c20279
_d20279